The practice of stakeholder engagement in infrastructure projects (Record no. 115769)

MARC details
000 -LEADER
fixed length control field 01345cam a2200301 4500
001 - CONTROL NUMBER
control field L159253
008 - FIXED-LENGTH DATA ELEMENTS--GENERAL INFORMATION
fixed length control field 040913n2016 000 0 eng u
035 ## - SYSTEM CONTROL NUMBER
System control number (Sirsi) u159253
041 ## - LANGUAGE CODE
Language code of text/sound track or separate title eng
100 1# - MAIN ENTRY--PERSONAL NAME
Personal name Doloi, Hemanta
245 04 - TITLE STATEMENT
Title The practice of stakeholder engagement in infrastructure projects
Remainder of title a comparative study of two major projects in Australia and the UK
Medium [electronic resource]
260 ## - PUBLICATION, DISTRIBUTION, ETC.
Place of publication, distribution, etc. London
Name of publisher, distributor, etc. RICS
Date of publication, distribution, etc. 2016
490 #0 - SERIES STATEMENT
Series statement RICS Research
520 ## - SUMMARY, ETC.
Summary, etc. Analyses the practice of stakeholder integration in the planning and development of public infrastructure projects. Adopting Social Network Analysis (SNA) as the research method, the research examined two large infrastructure tunnelling projects, one from Melbourne, Australia and another from London, UK.
650 24 - SUBJECT ADDED ENTRY--TOPICAL TERM
Topical term or geographic name entry element SOCIAL RESPONSIBILITY
650 24 - SUBJECT ADDED ENTRY--TOPICAL TERM
Topical term or geographic name entry element COMMUNICATION MANAGEMENT
650 24 - SUBJECT ADDED ENTRY--TOPICAL TERM
Topical term or geographic name entry element INFRASTRUCTURE PROJECTS
650 24 - SUBJECT ADDED ENTRY--TOPICAL TERM
Topical term or geographic name entry element PUBLIC DEVELOPMENT
651 #4 - SUBJECT ADDED ENTRY--GEOGRAPHIC NAME
Geographic name United Kingdom
651 #4 - SUBJECT ADDED ENTRY--GEOGRAPHIC NAME
Geographic name Australia
690 ## - LOCAL SUBJECT ADDED ENTRY--TOPICAL TERM (OCLC, RLIN)
Topical term or geographic name as entry element Infrastructure
9 (RLIN) 6246
690 ## - LOCAL SUBJECT ADDED ENTRY--TOPICAL TERM (OCLC, RLIN)
Topical term or geographic name as entry element Planning and development
9 (RLIN) 6259
700 1# - ADDED ENTRY--PERSONAL NAME
Personal name Pryke, Stephen
700 1# - ADDED ENTRY--PERSONAL NAME
Personal name Badi, Sulafa
710 1# - ADDED ENTRY--CORPORATE NAME
Corporate name or jurisdiction name as entry element Royal Institution of Chartered Surveyors
9 (RLIN) 4900
856 48 - ELECTRONIC LOCATION AND ACCESS
Uniform Resource Identifier <a href="https://www.rics.org/Global/Stakeholder_Infrastructure_150316_dwl_aa.pdf">https://www.rics.org/Global/Stakeholder_Infrastructure_150316_dwl_aa.pdf</a>
Public note View the item free of charge from www.rics.org
942 ## - ADDED ENTRY ELEMENTS (KOHA)
Suppress in OPAC 0
Holdings
Withdrawn status Lost status Source of classification or shelving scheme Damaged status Not for loan Home library Current library Shelving location Date acquired Total Checkouts Full call number Barcode Date last seen Copy number Price effective from Koha item type
    Dewey Decimal Classification     Virtual Virtual Online 05/04/2016   ONLINE PUBLICATION 159253-2001 06/08/2019 1 06/08/2019 Book